MDQL
is popping MORE tags! Check the
thread
!
Quizzes
Events
Quiz Creation
Community
Videos
Private Events
Remove Ads
Sign In
Join for FREE
Feedback
Dark Mode
Quiz Categories
Sports
Geography
Music
Movies
Television
Just For Fun
Miscellaneous
History
Literature
Language
Science
Gaming
Entertainment
Religion
Holiday
For Kids
Quiz Lab
Recent
Popular Today
Quiz Kudos Today
Editor Picks
Curator Picks
Quizzes by...
Day
Popularity
Type
Ratings
Length
Year
Community
Subscriptions
Recent Discussions
Orange Saloon
Badges
Playlists
Quests
Create
Leaderboards
Showdown
Live 5
Trivia Bingo
Activity
Puzzle Library
Sporcle Events
Private Events
Virtual Trivia
Globe League
Become a Host
Pub Owners
SporcleCon
Opinionation
Our Games
Videos
Blog
Mobile Apps
Partnerships
Remove Ads and Go Orange
Feedback
Sports
Athletes
MLB
NBA
NHL
NFL
Soccer
Sports Teams
WWE
NCAA
Football
Premier League
Basketball
Baseball
Hockey
Golf
Tennis
Cricket
Rugby
Auto Racing
Olympics
World Cup
Sports
Athletes
MLB
NBA
NHL
NFL
Soccer
Sports Teams
WWE
NCAA
Football
Premier League
Basketball
Baseball
Hockey
Golf
Tennis
Cricket
Rugby
Auto Racing
Olympics
World Cup
Random Quiz
Search Sporcle
×
Quiz Lab
Quiz Lab
Sports
Country
Type in answers that appear in a list
Type in answers that appear in a list
Classic
Best Score? Go Orange.
All of the country's Competing in Vancouver 2010 Stats
Can you name the All of the country's Competing in Vancouver 2010?
By
Tredinnick
20m
82 Questions
24 Plays
24 Plays
24 Plays
Comments
Comments
Give Quiz Kudos
Give Quiz Kudos
-
- Ratings
hide this ad
Replay
Link that replays current quiz
Next Quiz
Link to next quiz in quiz playlist
You Got
0%
They Got
Avg Score
76%
Avg Friend Score
Upgrade to see
Score Distribution
Jump to the score distribution portion of the page
Score
0/82
Timer
20:00
0
Plays Today
Hint
Answer
% Correct
USA
100%
Canada
100%
China
95.8%
Latvia
95.8%
Norway
95.8%
Australia
91.7%
Croatia
91.7%
Denmark
91.7%
Estonia
91.7%
Finland
91.7%
India
91.7%
Japan
91.7%
South Korea
91.7%
Lithuania
91.7%
Mexico
91.7%
Russia
91.7%
Austria
87.5%
Belgium
87.5%
Brazil
87.5%
North Korea
87.5%
France
87.5%
Germany
87.5%
Israel
87.5%
Italy
87.5%
Kazakhstan
87.5%
The Netherlands
87.5%
Poland
87.5%
South Africa
87.5%
Hint
Answer
% Correct
Spain
87.5%
Switzerland
87.5%
Turkey
87.5%
Greece
83.3%
Argentina
83.3%
Chile
83.3%
Great Britain
83.3%
Hungary
83.3%
Iceland
83.3%
Iran
83.3%
Ireland
83.3%
New Zealand
83.3%
Portugal
83.3%
Romania
83.3%
Serbia
83.3%
Sweden
83.3%
Azerbaijan
79.2%
Bulgaria
79.2%
Georgia
79.2%
Moldova
79.2%
Pakistan
79.2%
Slovakia
79.2%
Ukraine
79.2%
Algeria
75%
Andorra
75%
Jamaica
75%
Montenegro
75%
Morocco
75%
Hint
Answer
% Correct
Peru
75%
Slovenia
75%
Uzbekistan
75%
Armenia
70.8%
Belarus
70.8%
Liechtenstein
70.8%
Mongolia
70.8%
Albania
66.7%
Bosnia and Herzegovina
66.7%
Cyprus
66.7%
Czech Republic
66.7%
San Marino
62.5%
Colombia
58.3%
Kyrgyzstan
58.3%
Nepal
58.3%
Ethiopia
54.2%
Chinese Taipei
54.2%
Tajikistan
54.2%
Lebanon
50%
Monaco
45.8%
Ghana
41.7%
Bermuda
33.3%
Hong Kong
33.3%
FYR Macedonia
29.2%
Senegal
29.2%
Cayman Islands
12.5%
Quiz Playlist
Details
Report
Send in Message
Add To Playlist
Classic:
Type in answers that appear in a list
Last Updated: Feb 16, 2017
Quiz Scoreboard
CHALLENGE
Sign Up to Join the Scoreboard
Show All
Scores
Hide
Comments
May contain spoilers
Recently Published
1-10 Letter E Words III
by El_Dandy
Language
2m
Street Fighter Characters
by Artimus82
Gaming
60s
College Basketball Coaching Resumes
by pancakes188
Sports
9m
More to Explore
Quiz From the Vault
Featured Blog Post
Where Did the Easter Bunny Come From?
hide this ad
You Might Also Like...
Tags
Country Quiz
2010
Competing
Vancouver
Today's Top Quizzes in Sports
Browse Sports
hide this ad
Today's Top Quizzes in Country
Browse Country
Top Contributed Quizzes in Sports
1
2022 World Cup Stars
2
Les meilleurs buteurs des matchs entre le PSG et l’OM
3
FIFA Club World Cup Champions
4
Les entraîneurs de l'OM et du PSG au 21e siècle
5
Criteria MLB: Left Handed Sluggers
6
2023 MLB Unique Player Accomplishments
7
AFC Teams Reveal (Wrong Answers Minefield)
8
Players with Multiple 50 Home Run Seasons
9
5-to-1: FBS Animal Nicknames
10
5-to-1: UK Sports Teams
Explore More
Trending Topics
Harry Potter
Anime
Marvel
Disney
Kpop
Crossword
NBA
The Office
Soccer
Pokémon
NFL
Puzzle
Country
Song
WWE
hide this ad
More By:
Tredinnick
Quiz
Plays
Rating
Category
Featured
Created
Nobody does it better Lyrics
718
4.38
Music
May 29, 2013
2013 Eurovision Final Position
462
3.50
Music
May 19, 2013
Words to i'm shipping up to Boston by Dropkick Murphys
312
3.00
Music
Sep 22, 2013
2014 Eurovision final position
296
3.00
Music
May 11, 2014
2013 Junior Eurovision Final Position
208
Music
Nov 30, 2013
Go to Creator's Profile
Score Distribution
Quiz Creator Spotlight
Tredinnick
Follow
Send a Message
Quizzes Created
-
Created Quiz Play Count
-
More By This Creator
Popular Quizzes Today
1
Find the US States - No Outlines Minefield
2
Find the Countries of Europe - No Outlines Minefield
3
The Countries of the World
4
Find the US States
5
Risky Map Clicking: Biggest States A-Z
6
US States
7
Popular People in 1961
8
Movies - When Are They Set?
More Sports Quizzes
Disc Golf 1100 Rated Rounds
Quiz Lab
Trending Quizzes
Risky Map Clicking: Least Populous States A-Z
Billboard Blitz: Aretha Franklin
1-10 Letter G Words
Countries of the World: 200 Million BC
1-10 Letter F Words
Recently Updated
Leaping Animals
pecheneg
Reality TV Shows (A-Z)
bhenderson79
Rickey Henderson's Hall of Fame Teammates
pecheneg
Champions League XIs: Arsenal
pecheneg
Quick Pick: Celebrities in WWE's Hall of Fame
aduchscher
A-Z Keypad Blitz II
pecheneg
Multiple Oscar Actors
pecheneg
Mystery Phrase Blitz: Oscar 'Best Actors'
pecheneg
F. Scott Fitzgerald Novels
LTH
Pick 3 Villains
ddd62291
Trending Topics
Harry Potter
Kpop
Anime
Disney
Marvel
Crossword
NBA
Country
Soccer
Song
The Office
Puzzle
WWE
NFL
Pokémon
Your Account Isn't Verified!
In order to create a playlist on Sporcle, you need to verify the email address you used during registration. Go to your
Sporcle Settings
to finish the process.
Report this User
Report this user for behavior that violates our
Community Guidelines
.
Details:
Send Report
Go to the Sporcle.com Mobile Site →
Comments